Orthopedics of the Upper and Lower Limb [electronic resource] / edited by K. Mohan Iyer.
Record details
- ISBN: 9781447144472
- Physical Description: XVI, 173 p. 60 illus., 30 illus. in color. online resource.
- Publisher: London : Springer London : 2013.
Search for related items by subject
| Subject: | Medicine. Orthopedics. Orthopedic surgery. Medicine & Public Health. Orthopedics. Surgical Orthopedics. |
Electronic resources
| LDR | 01324nam a22003735i 4500 | ||
|---|---|---|---|
| 001 | 16625 | ||
| 003 | CONS | ||
| 005 | 20130727044731.0 | ||
| 007 | cr nn 008mamaa | ||
| 008 | 120930s2013 xxk| s |||| 0|eng d | ||
| 020 | . | ‡a9781447144472 ‡9978-1-4471-4447-2 | |
| 024 | 7 | . | ‡a10.1007/978-1-4471-4447-2 ‡2doi |
| 035 | . | ‡a(DE-He213)978-1-4471-4447-2 | |
| 050 | 4. | ‡aRD701-811 | |
| 072 | 7. | ‡aMNS ‡2bicssc | |
| 072 | 7. | ‡aMED065000 ‡2bisacsh | |
| 100 | 1 | . | ‡aIyer, K. Mohan. ‡eeditor. |
| 245 | 1 | 0. | ‡aOrthopedics of the Upper and Lower Limb ‡h[electronic resource] / ‡cedited by K. Mohan Iyer. |
| 264 | 1. | ‡aLondon : ‡bSpringer London : ‡bImprint: Springer, ‡c2013. | |
| 300 | . | ‡aXVI, 173 p. 60 illus., 30 illus. in color. ‡bonline resource. | |
| 336 | . | ‡atext ‡btxt ‡2rdacontent | |
| 337 | . | ‡acomputer ‡bc ‡2rdamedia | |
| 338 | . | ‡aonline resource ‡bcr ‡2rdacarrier | |
| 347 | . | ‡atext file ‡bPDF ‡2rda | |
| 650 | 0. | ‡aMedicine. | |
| 650 | 0. | ‡aOrthopedics. | |
| 650 | 0. | ‡aOrthopedic surgery. | |
| 650 | 1 | 4. | ‡aMedicine & Public Health. |
| 650 | 2 | 4. | ‡aOrthopedics. |
| 650 | 2 | 4. | ‡aSurgical Orthopedics. |
| 710 | 2 | . | ‡aSpringerLink (Online service) |
| 773 | 0 | . | ‡tSpringer eBooks |
| 776 | 0 | 8. | ‡iPrinted edition: ‡z9781447144465 |
| 856 | 4 | 0. | ‡uhttp://biblioteca.ipicyt.edu.mx:2048/login?url=http://dx.doi.org/10.1007/978-1-4471-4447-2 ‡yTexto completo ‡9CONS |
| 950 | . | ‡aMedicine (Springer-11650) | |
| 901 | . | ‡a16625 ‡b ‡c16625 ‡tbiblio ‡sSystem Local | |